Countries Touching The Persian Gulf with a Map - Statistics

General Stats
  • This quiz has been taken 48 times
  • The average score is 8 of 8
Answers on the Map
Answers color-coded by a green-red scale on the quiz's map according to % correct below.
 
Answer Stats
Country % Correct
Oman
100%
Bahrain
97%
Iran
97%
Kuwait
97%
Qatar
97%
Saudi Arabia
97%
United Arab Emirates
97%
Iraq
92%
No matching quizzes found
Score Distribution
Percent of People with Each Score
Percentile by Number Answered
Your Score History
You have not taken this quiz